Island Match-Up: South Atlantic Ocean Quiz Stats

 Plays Quiz not verified by Sporcle

Score 0/20 Timer 03:00
0 Plays Today
% Correct
West Falkland
96%
Principe
93.6%
St Helena
91.9%
Tierra del Fuego
91.6%
South Georgia
89.2%
Robben Island
76.9%
Fernando de Noronha
76.8%
Ilha Grande
75%
Tristan da Cunha
71.5%
Ilhabela
66.3%
% Correct
Islas de la Estados
60.6%
Bouvet
59.5%
Bioko
48.8%
Isla de Floras
48.6%
Baia dos Tigres
46.6%
Isla Oyarvide
45.5%
Mercury Islands
29.4%
Iles de Los
25.1%
Sherbro Island
20.3%
Mondoleh Island
18%

You're not logged in!

Compare scores with friends on all Sporcle quizzes.
Join for Free
OR
Log In

You Might Also Like...

Show Comments

Extras

Top Quizzes Today


Score Distribution

Your Account Isn't Verified!

In order to create a playlist on Sporcle, you need to verify the email address you used during registration. Go to your Sporcle Settings to finish the process.

Report this User

Report this user for behavior that violates our Community Guidelines.

Details: